Utopista a bojovník T. Campanella - priekopník dokonalejšej spoločnosti

Bibliographic Details
Main Author: Lupták, Ľudovít (Author)
Format: Article
Language:Slovak
Subjects:

MARC

LEADER 00000nab a2200000 a 4500
001 vtls000006143
003 SK-MaSNL
005 20260303021232.0
008 111103c1978 xo 0 slo
015 |a SNBRB19rr/mm-uuuuu 
035 |a CL0016236 
040 |a SNKBUCL  |b slo  |c SNKBUCL  |e AACR2 
041 0 |a slo 
044 |a xo  |c SK 
080 |a 141.8  |2 1981 
080 |a 92 Campanella, Thomas  |2 1981 
100 1 |a Lupták, Ľudovít  |4 aut  |9 277926 
245 1 0 |a Utopista a bojovník T. Campanella - priekopník dokonalejšej spoločnosti  |c Ľudovít Lupták 
600 1 7 |a Campanella, Tommaso,  |d 1568-1639  |2 SNKMA  |9 243640 
655 7 |a články z novín a časopisov  |2 snkbucl  |9 267496 
773 0 |t Pravda  |g Roč. 59, č. 210 (6. 9. 1978), s. 5 
850 |a Slovenská národná knižnica v Martine  |a MTA001 
852 |a SNK  |b KIS3GCP 
958 |a RK 
992 |a RBX 
999 |c 1622113  |d 1624043